00757nam a2200217Ia 4500001001000000003000500010008004100015010001100056040000900067082001900076245013700095260003100232300001100263650003100274650003900305650002800344650002900372650002600401700005800427710005400485Para_7208CHAP220125s1980 xx 000 0 und d a206093 cCHAP aPA 635.642 C85 aEl cultivo del tomate, para consumo fresco en el Valle de Culiacan /c por edit. Hector M. León Gallegos, Mario Arosemena Dotary. aMéxico :b INIA. CAEVACU a184 p. aFertilizantes para tomate  aTomate x Anatomia y fisiología  aTomate x enfermedades  aTomate x malas hierbas  aTomate x rendimiento aLeón Gallegos, Hector M. / Arosemena Dotary, Mario. aInstituto Nacional de Investigaciones Agrícolas